Bankroty ako súčasť trhovej ekonomiky

Nutnosť zásadnej novelizácie zákona o konkurze a vyrovnaní. Súvislosti inštitútu konkurzu a nedostatky konkurzného práva na Slovensku. História vzniku právnych kódexov pre konkurzy. Znefunkčnenie konkurzov v minulosti a revitalizácia podnikov. Subjekty vyňaté z konkurzu.

Na minha lista:
Detalhes bibliográficos
Autor principal: Vechter, Juraj
Formato: Capítulo de Livro
Idioma:eslovaco
Assuntos:
Tags: Adicionar Tag
Sem tags, seja o primeiro a adicionar uma tag!

MARC

LEADER 00000naa a2200000 4500
001 r035228
005 20230919123512.8
041 0 |a slo 
044 |a SK 
245 1 0 |a Bankroty ako súčasť trhovej ekonomiky  |c Juraj Vechter 
520 |a Nutnosť zásadnej novelizácie zákona o konkurze a vyrovnaní. Súvislosti inštitútu konkurzu a nedostatky konkurzného práva na Slovensku. História vzniku právnych kódexov pre konkurzy. Znefunkčnenie konkurzov v minulosti a revitalizácia podnikov. Subjekty vyňaté z konkurzu. 
610 2 0 |a konkurzy 
610 2 0 |a konanie rozhodcovské 
610 2 0 |a kódexy 
610 2 0 |a právomoc 
610 2 0 |a súdy 
610 2 0 |a bankrot 
610 2 0 |a novelizácia 
610 2 0 |a zákony 
610 2 0 |a Slovensko 
610 2 0 |a oživenie 
100 1 |a Vechter, Juraj